000 00913nam a22001937a 4500
003 BR-ViAPE
005 20260409135322.0
008 260409s1911 por gs||||s000 0 por d
040 _cBR-ViAPE
110 _aEspírito Santo
_bEstado
245 _aRelatorio apresentado ao Exmo. Snr. Presidente do Estado Dr. Jeronymo de Souza Monteiro pelo Procurador Geral do Estado Dr. Manoel Clodoaldo Linhares
260 _aVitória
_bOfficinas da Papelaria Nelson Costa
_c1911
300 _a92 p.
_bDocumento digitalizado (PDF)
500 _aDocumento digitalizado do acervo institucional do Arquivo Público do Estado do Espírito Santo - APEES.
650 _xAdministração pública
_zEspírito Santo
651 _aEspírito Santo
_xRelatórios governamentais
856 _uhttps://ape.es.gov.br/Media/ape/PDF/Relatorios/1908/relatorio%204-%20ano%201911.pdf
_yCLIQUE AQUI PARA ACESSAR O DOCUMENTO
942 _2ddc
_cMSGREL
_n1
999 _c480
_d480